| 000 | 00959nam a2200229Ia 4500 | ||
|---|---|---|---|
| 999 |
_c5561 _d5561 |
||
| 003 | OSt | ||
| 005 | 20200623152504.0 | ||
| 008 | 191128s1979 ck fr 000 0 spa d | ||
| 040 |
_aCO-JMCR _cCO-JMCR |
||
| 041 | 0 | _aspa | |
| 082 | 0 | 4 |
_a332.986 / _bA837e _223 |
| 110 | 1 |
_aColombia. _bAsociación Nacional de Instituciones Financieras _96016 |
|
| 245 | 1 | 3 |
_aLa economía colombiana durante el primer trimestre / _cAsociación Nacional de Instituciones Financieras |
| 260 |
_aMedellín : _bAsociación Nacional de Instituciones Financieras, _c1979 |
||
| 300 |
_a56 páginas ; _c21 cm. |
||
| 490 | 0 | _aForo regional | |
| 505 | 0 | _aSector agropecuario -- Sector industrial -- Sectores de la construcción y comercio interior -- Comercio exterior -- Empleo -- Moneda -- Precios -- Sector público | |
| 650 | 1 | 4 |
_aHistoria económica _zColombia _96017 |
| 650 | 1 | 4 |
_aPolítica económica _y1979 _96018 |
| 650 | 1 | 4 |
_aMoneda _xsector público _96019 |
| 942 |
_2ddc _cBK |
||